<?xml version="1.0" encoding="UTF-8"?>
<record
    xmlns:xsi="http://www.w3.org/2001/XMLSchema-instance"
    xsi:schemaLocation="http://www.loc.gov/MARC21/slim http://www.loc.gov/standards/marcxml/schema/MARC21slim.xsd"
    xmlns="http://www.loc.gov/MARC21/slim">

  <leader>01839nam a22003017a 4500</leader>
  <datafield tag="999" ind1=" " ind2=" ">
    <subfield code="c">21997</subfield>
    <subfield code="d">21997</subfield>
  </datafield>
  <controlfield tag="003">AR-CdUCM</controlfield>
  <controlfield tag="008">190425b           ||||| |||| 00| 0 spa d</controlfield>
  <datafield tag="040" ind1=" " ind2=" ">
    <subfield code="a">MUNICIPALIDAD PROVINCIAL DEL CUSCO</subfield>
    <subfield code="c">BIBLIOTECA MUNICIPAL DEL CUSCO</subfield>
  </datafield>
  <datafield tag="082" ind1=" " ind2=" ">
    <subfield code="a">Saqsaywaman/N&#xB0;7/2008</subfield>
  </datafield>
  <datafield tag="110" ind1=" " ind2=" ">
    <subfield code="a">Instituto Nacional de Cultura Region Cusco</subfield>
    <subfield code="9">29198</subfield>
  </datafield>
  <datafield tag="245" ind1=" " ind2=" ">
    <subfield code="a">Revista Saqsaywaman :</subfield>
    <subfield code="c">Instituto Nacional de Cultura Region Cusco.</subfield>
  </datafield>
  <datafield tag="260" ind1=" " ind2=" ">
    <subfield code="a">Cusco.</subfield>
    <subfield code="b">INC,</subfield>
    <subfield code="b">Amauta,</subfield>
    <subfield code="c">2008.</subfield>
  </datafield>
  <datafield tag="300" ind1=" " ind2=" ">
    <subfield code="a">210 p&#xE1;ginas. :</subfield>
    <subfield code="b">ilustraciones ;</subfield>
    <subfield code="c">21 cm.</subfield>
  </datafield>
  <datafield tag="440" ind1=" " ind2=" ">
    <subfield code="a">Revista Saqsaywaman.</subfield>
    <subfield code="n">N&#xB0;7, 2008</subfield>
    <subfield code="9">47103</subfield>
  </datafield>
  <datafield tag="505" ind1=" " ind2=" ">
    <subfield code="a">Contenido: Excavaciones arqueol&#xF3;gicas en Pikillaqta. Carlos Antonio Arriola Tuni. -- Investigaciones arqueol&#xF3;gicas en Wat&#x2019;a Huarocondo. Carlos Rosell Bocanegra. -- Arqueolog&#xED;a en Livitaca. Domingo Farf&#xE1;n Acuna. -- Las Qolqas de Muyu Orqo. Jos&#xE9; Pilares Daza. -- Arqueolog&#xED;a en el Templo de Santa Ana. Reynaldo Bustinza Espinoza. -- Huellas del Plioceno en el Cusco. Jorge Gamarra Gamio. -- Pr&#xE1;cticas craneanas y paleopatolog&#xED;as en los antiguos pobladores de la Regi&#xF3;n Cusco. Elva Torres Pino. -- La arqueolog&#xED;a y su relaci&#xF3;n con la Cultura Material. Ren&#xE9; Pilco Vargas. -- La conservaci&#xF3;n y Restauraci&#xF3;n de Bienes Arqueol&#xF3;gicas Muebles. Susan Ar&#xE1;oz Warthon. -- Material cultural de contexto funerario. Tatiana Pimentel D&#xE1;vila.</subfield>
  </datafield>
  <datafield tag="650" ind1=" " ind2=" ">
    <subfield code="a">Arqueolog&#xED;a cusque&#xF1;a</subfield>
    <subfield code="9">9322</subfield>
  </datafield>
  <datafield tag="650" ind1=" " ind2=" ">
    <subfield code="a">Historia del Cusco</subfield>
    <subfield code="9">1714</subfield>
  </datafield>
  <datafield tag="650" ind1=" " ind2=" ">
    <subfield code="a">Inkas</subfield>
    <subfield code="9">1899</subfield>
  </datafield>
  <datafield tag="650" ind1=" " ind2=" ">
    <subfield code="a">Monumentos hist&#xF3;ricos</subfield>
    <subfield code="9">6891</subfield>
  </datafield>
  <datafield tag="700" ind1=" " ind2=" ">
    <subfield code="a">Arriola Tuni. Carlos Antonio</subfield>
    <subfield code="9">47104</subfield>
  </datafield>
  <datafield tag="700" ind1=" " ind2=" ">
    <subfield code="a">Pilares Daza, Jos&#xE9;</subfield>
    <subfield code="9">47105</subfield>
  </datafield>
  <datafield tag="700" ind1=" " ind2=" ">
    <subfield code="a">Farf&#xE1;n Acuna, Domingo</subfield>
    <subfield code="9">47106</subfield>
  </datafield>
  <datafield tag="700" ind1=" " ind2=" ">
    <subfield code="a">Pilares Daza, Jos&#xE9;</subfield>
    <subfield code="9">47105</subfield>
  </datafield>
  <datafield tag="856" ind1=" " ind2=" ">
    <subfield code="u">http://bvirtual.culturacusco.gob.pe/items/show/107</subfield>
    <subfield code="z">Leer en digital</subfield>
  </datafield>
  <datafield tag="942" ind1=" " ind2=" ">
    <subfield code="2">ddc</subfield>
    <subfield code="c">PP</subfield>
  </datafield>
  <datafield tag="945" ind1=" " ind2=" ">
    <subfield code="a">rac</subfield>
  </datafield>
  <datafield tag="952" ind1=" " ind2=" ">
    <subfield code="0">0</subfield>
    <subfield code="2">ddc</subfield>
    <subfield code="4">0</subfield>
    <subfield code="7">0</subfield>
    <subfield code="a">HEM</subfield>
    <subfield code="b">HEM</subfield>
    <subfield code="c">CART</subfield>
    <subfield code="d">2022-02-02</subfield>
    <subfield code="g">5.00</subfield>
    <subfield code="o">Saqsaywaman/N&#xB0;7/2008</subfield>
    <subfield code="p">REVC000516</subfield>
    <subfield code="r">2022-02-02</subfield>
    <subfield code="y">PP</subfield>
  </datafield>
  <datafield tag="952" ind1=" " ind2=" ">
    <subfield code="0">0</subfield>
    <subfield code="2">ddc</subfield>
    <subfield code="4">0</subfield>
    <subfield code="7">0</subfield>
    <subfield code="a">HEM</subfield>
    <subfield code="b">HEM</subfield>
    <subfield code="c">CART</subfield>
    <subfield code="d">2022-02-02</subfield>
    <subfield code="g">5.00</subfield>
    <subfield code="o">Saqsaywaman/N&#xB0;7/2008/e.2</subfield>
    <subfield code="p">REVC000517</subfield>
    <subfield code="r">2022-02-02</subfield>
    <subfield code="y">PP</subfield>
  </datafield>
</record>
